000
00302nam a2200133Ia 4500
008
150301s2015 xx 000 0 und d
082
_a
615
_b
M13K
100
_a
JAYANT KULKARNI
245
_a
MCQS IN PHARMACOLOGY
260
_b
CBS- DELHI
300
_a
340
650
_a
PHARMACEUTICS
942
_2
ddc
_c
BK
999
_c
7228
_d
7228